|
|
|
|
| LEADER |
00000cam a2200000 7i4500 |
| 001 |
0000133598 |
| 005 |
20191210.0 |
| 008 |
191210s2018 my e 000 0 bm |
| 020 |
|
|
|a 9789674480608
|
| 040 |
|
|
|a PERPUSTAM
|b eng
|c PERPUSTAM
|e rda
|
| 090 |
0 |
0 |
|a 306.8742
|b SEC
|
| 100 |
1 |
|
|a Sechona, Miko ,
|e author.
|
| 245 |
1 |
0 |
|a Panduan Menjadi Bapa Idaman :
|b BEST DAD EVER! : "Some super heroes don't have capes... They are called dad."
|c Penulis: Miko Sechona ; Disemak Oleh: Panel Editor Al-Hidayah
|
| 246 |
1 |
|
|a Translation of: Bicaralah yang baik, atau diamlah
|
| 264 |
|
1 |
|a Batu Caves, Selangor :
|b AR-RISALAH PRODUCT SDN. BHD.
|c [2018?]
|
| 300 |
|
|
|a 182 pages ;
|c 23 cm.
|
| 336 |
|
|
|a text, rdacontent
|
| 337 |
|
|
|a unmediated
|2 rdamedia
|
| 338 |
|
|
|a volume
|2 rdacarrier
|
| 650 |
1 |
0 |
|a Fatherhood
|
| 650 |
2 |
0 |
|a Fathers
|
| 650 |
2 |
0 |
|a Parenting and child
|
| 710 |
2 |
|
|a Panel Editor Ar-Risalah
|e editor
|
| 999 |
|
|
|a 0000611736
|b Buku
|c Rak Terbuka
|e Perbadanan Perpustakaan Awam Melaka
|
| 999 |
|
|
|a 0000611737
|b Buku
|c Rak Terbuka
|e Perpustakaan Cawangan Jasin
|
| 999 |
|
|
|a 0000611738
|b Buku
|c Rak Terbuka
|e Perpustakaan Cawangan Masjid Tanah
|
| 999 |
|
|
|a 0000611739
|b Buku
|c Rak Terbuka
|e Perpustakaan Cawangan Merlimau
|
| 999 |
|
|
|a 0000611740
|b Buku
|c Rak Terbuka
|e Perbadanan Perpustakaan Awam Melaka
|
| 999 |
|
|
|a 0000611741
|b Buku
|c Rak Terbuka
|e Perpustakaan Komuniti UTC Melaka
|
| 999 |
|
|
|a 0000611742
|b Buku
|c Rak Terbuka
|e Perbadanan Perpustakaan Awam Melaka
|
| 999 |
|
|
|a 0000611743
|b Buku
|c Rak Terbuka
|e Perbadanan Perpustakaan Awam Melaka
|
| 999 |
|
|
|a 0000611744
|b Buku
|c Rak Terbuka
|e Perbadanan Perpustakaan Awam Melaka
|
| 999 |
|
|
|a 0000611745
|b Buku
|c Rak Terbuka
|e Perbadanan Perpustakaan Awam Melaka
|
| 999 |
|
|
|a 0000611746
|b Buku
|c Rak Terbuka
|e Perbadanan Perpustakaan Awam Melaka
|
| 999 |
|
|
|a 0000611747
|b Buku
|c Rak Terbuka
|e Perbadanan Perpustakaan Awam Melaka
|
| 999 |
|
|
|a 0000611748
|b Buku
|c Rak Terbuka
|e Perbadanan Perpustakaan Awam Melaka
|
| 999 |
|
|
|a 0000611749
|b Buku
|c Rak Terbuka
|e Perpustakaan Sekolah Tunas Bakti
|
| 999 |
|
|
|a 0000611750
|b Buku
|c Rak Terbuka
|e Perbadanan Perpustakaan Awam Melaka
|
| 999 |
|
|
|a 0000611751
|b Buku
|c Rak Terbuka
|e Perbadanan Perpustakaan Awam Melaka
|
| 999 |
|
|
|a 0000611752
|b Buku
|c Rak Terbuka
|e Perbadanan Perpustakaan Awam Melaka
|
| 999 |
|
|
|a 0000611753
|b Buku
|c Rak Terbuka
|e Perbadanan Perpustakaan Awam Melaka
|
| 999 |
|
|
|a 0000611754
|b Buku
|c Rak Terbuka
|e Perbadanan Perpustakaan Awam Melaka
|
| 999 |
|
|
|a 0000611755
|b Buku
|c Rak Terbuka
|e Perbadanan Perpustakaan Awam Melaka
|
| 999 |
|
|
|a 0000611756
|b Buku
|c Rak Terbuka
|e Perbadanan Perpustakaan Awam Melaka
|
| 999 |
|
|
|a 0000611757
|b Buku
|c Rak Terbuka
|e PERPUSTAKAAN PENJARA SUNGAI UDANG
|